| 000 | 00713nam a2200241 i 4500 | ||
|---|---|---|---|
| 001 | bg | ||
| 100 | 1 | _aJANICZEK, Roman | |
| 245 | 1 | 0 |
_aTeoria pomiaru / _cRoman Janiczek. |
| 260 |
_aCzęstochowa : _bWydaw. PC, _c1998. |
||
| 300 |
_a104, [1] s. : _brys., wykr. ; _c24 cm. |
||
| 490 | 1 |
_aSkrypty Politechniki Częstochowskiej, _x1234-9909 ; _v29 |
|
| 504 | _aBibliogr. s. 103-[105]. | ||
| 650 | 9 |
_aPomiary _xteoria |
|
| 655 | _aPodręczniki akademickie | ||
| 830 |
_aSkrypty Politechniki Częstochowskiej, _x1234-9909 ; |
||
| 020 | _a8371930135 | ||
| 040 | _cBPK | ||
| 041 | 0 | _apl | |
| 080 | _a006.91+53.08](075.8) | ||
| 920 | _a83-7193-013-5 | ||
| 942 | _cKS | ||
| 008 | s pl f |000 0 pol | ||
| 999 |
_c37832 _d37832 |
||
| 856 |
_uhttp://koha.tu.koszalin.pl/cgi-bin/koha/opac-detail.pl?biblionumber=37832 _yKatalog online BPK |
||